000 01018nam a22003137a 4500
003 CHAP
005 20220329135813.0
008 971013s1993 nyua r 00010 eng d
010 _a42464
011 _a43436
035 _a47572
040 _cCHAP
082 0 4 _a634.61
_bN35
100 0 0 _aNair, M. K.
_eed.
_980070
245 1 0 _aAdvances in coconut research and development
_c/editado por M. K. Nair
260 _aNew York :
_bInternational Science Publisher,
_c1993
300 _a759 p. :
_bilus.
590 _aBATCH-UPD
_b10
_c20130110
_lUCH01
_h2033
590 _aBATCH-UPD
_b10
_c20130410
_lUCH01
_h1349
590 _aBATCH-UPD
_b10
_c20130914
_lUCH01
_h0955
590 _aCONVERSION
_b10
_c20130109
_lUCH01
_h1323
650 1 4 _aCoco
_xInvestigación.
_924254
650 1 4 _aCoco
_xMejoramiento.
_924258
650 1 4 _aCoco
_xPropagación.
_924263
650 1 4 _aCultivo de tejidos.
_930213
901 _aBK
942 _cLIBRO
949 _a634.61 N35
_bBC
_cLIBRO
_d33724000000436
_eLIBRO
_gI.175641
_h88946
_i47572
_si
_t422.00
999 _c42464
_d42464